Adversaires principaux de Spiderman - Statistiques

Statistiques générales
  • Ce quiz a été pris 833 fois
  • Le résultat moyen est 12 sur 24
Statistiques - réponses
Incarnation "principal" Identité % Correct
Norman Osborn Le Bouffon vert
98%
Otto Octavius Docteur Octopus
94%
Eddie Brock Venom
94%
Curt Connors Le Lézard
86%
Max Dilon Electro
77%
Aleksei Sytsevich Le Rhino
74%
Quentin Beck Mystério
72%
Sergei Kravinoff Kraven le chasseur
66%
Wilson Fisk Le Caïd
65%
Ardian Toomes Le Vautour
64%
Mac Gargan Le Scorpion
59%
Cletus Kasady Carnage
58%
Felicia Hardy Black Cat
55%
William Baker L'Homme sable
52%
Martin Li Mister Negative
50%
Herman Schultz Shocker
39%
Dmitri Anatoly Le Caméléon
31%
Lonnie Thompson Tombstone
27%
Miles Waren Le Chacal
21%
Roderick Kingsley Le Super Bouffon
18%
Joseph Hammerhead
13%
Morris Bench Hydro man
11%
Abner Jenkins Le Scarabée
8%
... Morlun
6%
Aucun quiz correspondant
Distribution des résultats
% des personnes avec chaque résultat
Percentile par nombre de réponses
Votre historique - résultats
Vous n’avez pas pris ce quiz